| 000 | 00617nam a2200193Ia 4500 | ||
|---|---|---|---|
| 008 | 191130s1993##################000#0#eng## | ||
| 020 | _a9780385468459 | ||
| 040 |
_aACL _cACL |
||
| 082 | _a190 COP | ||
| 100 | _aCopleston, Frederick Charles | ||
| 245 |
_aA history of philosophy : late medieval and renaissance philosophy _cFrederick Copleston, S. J |
||
| 260 |
_aNew York _bImage Books _c1993 |
||
| 300 | _a479 p. ; 21 cm | ||
| 500 | _aIncludes bibliographical references (p. 428 - 447) and Index | ||
| 650 | _aPhilosophy | ||
| 990 | _ab218b552ac10000c0605897b58558983 | ||
| 991 | _a62146 | ||
| 999 |
_c356951 _d356951 |
||